000 00937nam a2200265 a 4500
001 000049079
005 20240530073924.0
008 090709t2017 dr 001 0 spa d
020 _a9789993456193
040 _aDO-SdBNP
_bspa
_cBNPHU
082 _aRD863.5
_bV632a
100 1 _aVicens, Lorenzo
_910817
245 1 0 _aAguacates Juan :
_bcómo iniciar y triunfar en los negocios /
_cLorenzo Vicens ; prólogo Melvin Peña ; coordinación editorial Bismar Galán.
250 _a4ª. ed.,
260 _aSanto Domingo :
_bNorma,
_c2017.
300 _a202 p. ;
_c21 cm.
590 _aInventariado, 2019/VM
650 0 _aNovela dominicana
_9223
650 0 _aLiteratura dominicana.
_967
650 4 _aAptitud creadora en los negocios
_xNovela
_910818
650 4 _aMicroempresas
_xNovela
_910819
650 4 _aCrecimiento personal
_xNovela
_910820
700 1 2 _aPeña, Melvin,
_epról.
_910821
700 1 2 _aGalán, Bismar,
_d1961-
_eed.
_91490
999 _c48567
_d48567